La isla del tesoro / (Record no. 147963)

MARC details
000 -LEADER
campo de control de longitud fija 00771nam a2200241 4500
001 - NÚMERO DE CONTROL
campo de control 147963
003 - IDENTIFICADOR DE NÚMERO DE CONTROL
campo de control ES-MaACL
005 - FECHA Y HORA DE LA ÚLTIMA TRANSACCIÓN
campo de control 20240522124034.0
007 - CAMPO FIJO DE DESCRIPCIÓN FÍSICA--INFORMACIÓN GENERAL
campo de control de longitud fija t|
008 - DATOS DE LONGITUD FIJA--INFORMACIÓN GENERAL
campo de control de longitud fija 070214s1953 sp r ||||1| spa d
100 0# - ENTRADA PRINCIPAL--NOMBRE DE PERSONA
Nombre de persona Stevenson, Robert Louis,
Fechas asociadas al nombre 1850-1894
9 (RLIN) 108169
245 13 - MENCIÓN DEL TÍTULO
Título La isla del tesoro /
Mención de responsabilidad, etc. Robert Louis Stevenson ; traducción íntegra de Edgar Pedro Bruck ; prólogo de Ramón Sangenis.
260 ## - PUBLICACIÓN, DISTRIBUCIÓN, ETC.
Lugar de publicación, distribución, etc. Barcelona :
Nombre del editor, distribuidor, etc. Fama,
Fecha de publicación, distribución, etc. [1953]
300 ## - DESCRIPCIÓN FÍSICA
Extensión 316 p. ;
Dimensiones 19 cm.
490 1# - MENCIÓN DE SERIE
Mención de serie Junco
655 #0 - TERMINO DE INDIZACIÓN--GENERO/FORMA
9 (RLIN) 234459
Datos o término principal de género/forma Novelas de acción y aventuras
700 1# - ENTRADA AGREGADA--NOMBRE PERSONAL
Nombre de persona Bruck, Edgar Pedro.
9 (RLIN) 32059
700 1# - ENTRADA AGREGADA--NOMBRE PERSONAL
Nombre de persona Sangenis, Ramón.
9 (RLIN) 180943
830 0# - PUNTO DE ACCESO ADICIONAL DE SERIE-TÍTULO UNIFORME
Título uniforme Junco
9 (RLIN) 184641
852 ## - LOCALIZACIÓN
Ubicación ES-MaACL
Número de control de estantería C-6272
Sublocalización o colección R.35584
942 ## - ELEMENTOS DE ENTRADA SECUNDARIOS (KOHA)
Fuente del sistema de clasificación o colocación Clasificación decimal universal
Holdings
Estatus retirado Estado de pérdida Estado de daño No para préstamo Biblioteca de origen Biblioteca actual Ubicación en estantería Fecha de adquisición Fuente de adquisición Total de préstamos Signatura topográfica completa Código de barras Visto por última vez Precio de reemplazo Tipo de ítem Koha
        Biblioteca del Ateneo de Madrid Biblioteca del Ateneo de Madrid Sala Palomar 17/01/2008     C-6272 1154416 23/02/2023 23/02/2023 Libro impreso